| 000 | 00496cam a2200157ua 4500 | ||
|---|---|---|---|
| 020 | _a0-333-54679-2 | ||
| 041 |
_aeng _h |
||
| 082 |
_a632.96 _bHAS/BI |
||
| 100 | _aHassall, Kenneth A . | ||
| 245 |
_aBiochemistry and uses of pesticides structure, metabolism, medecy action and uses in crop protection / _cKenneth A Hassall. _hTextual Documents |
||
| 250 |
_a2 / _b. |
||
| 260 |
_aLondon : _bEnglish Language Book Society , _c1990. |
||
| 300 | _a536 ; . | ||
| 942 | _cBK | ||
| 999 |
_c10069 _d10069 |
||